000 01243nam a2200265 a 4500
001 38942
003 BD-RjUL
005 20211209052904.0
008 160424r20122011ii a|||e |||| 001 0 ben d
020 _a9789350400470
_c: TK. 330.00
035 _a(BD-RjUL) 39052
040 _aBD-RjUL
_bben
_cBD-RjUL
041 _aben
082 _223
_a780
_bMAJ 2012
100 _aমজুমদার, শৈলজারঞ্জন
_9120235
245 1 0 _aযাত্রাপথের আনন্দগান /
_cশৈলজারঞ্জন মজুমদার ; অনুলিখন: সবিতা দত্ত মজুমদার
250 _a২য় সং.
260 _aকলকাতা :
_bআনন্দ পাবলিশার্স ,
_c২০১১ [মুদ্রণ ২০১২]
300 _a[৮], ১৪৮ পৃ. :
_bচিত্র ;
_c২২ সেমি.
504 _aনির্ঘণ্ট সংযুক্ত
600 _aMajumadāra, Śailajārañjana,
_d1900-1992.
_9123737
600 _aমজুমদার, শৈলজারঞ্জন,
_d১৯০০-১৯৯২
_9123738
700 _aমজুমদার, সবিতা দত্ত, অনুলেখক
_9120236
942 _2ddc
_cBK
999 _c38942
_d38942